000 01027nam a2200325Ia 4500
001 Z_2252
003 CHAP
008 220113s1994 xx 000 0 und d
010 _a165308
040 _cCHAP
090 _aTesis J 911
100 _aJaimes Jaimes, José
_960934
245 _aCrecimiento compensatorio en bovinos Holstein y Brahman alimentados con dietas en rastrojo de maíz /
_cpor José Jaimes Jaimes y Antonio Sánchez Martínez
260 _aChapingo, Méx. :
_bEl autor,
_c1994
300 _a69 h.
502 _aTesis (Ing. Agr. Esp. en Zootecnia) -- UACH. Departamento de Zootecnia
650 _aForrajes toscos
_942612
650 7 _aGanado cebú
_2
_945056
650 _aGanado Holstein
_945133
650 _aGanado vacuno
_xAlimentación
_945429
650 _aMaíz como forraje
_971109
650 _aMaíz
_xSubproductos
_971064
700 _aSánchez Martínez, Antonio
_9107676
901 _aTESIS J 911
902 _aM
910 _a1994
942 _c2
942 _c2
999 _c165308
_d165308